| 000 | 01035pam a2200241 a 4500 | ||
|---|---|---|---|
| 001 | 4850034 | ||
| 005 | 19920205073809.3 | ||
| 008 | 910326s1992 gaua f 001 0 eng | ||
| 010 | _a 91003412 | ||
| 020 | _a0132782502 | ||
| 040 |
_aDLC _cDLC _dDLC |
||
| 050 | 0 | 0 |
_aTJ163.5.B84 _bE5275 1991 |
| 082 | 0 | 0 |
_a697 _220 _bENE |
| 245 | 0 | 0 |
_aEnergy conservation in existing buildings deskbook / _cedited by Albert Thumann. |
| 260 |
_aLilburn, GA : _bFairmont Press ; _aEnglewood Cliffs, NJ : _bdistributed by Prentice-Hall, _cc1992. |
||
| 300 |
_axvii, 455 p. : _bill. ; _c28 cm. |
||
| 504 | _aIncludes bibliographical references (p. 411-417) and index. | ||
| 650 | 0 |
_aBuildings _xEnergy conservation _xHandbooks, manuals, etc. _95447 |
|
| 700 | 1 |
_aThumann, Albert. _95448 |
|
| 942 |
_2ddc _cBB |
||
| 999 |
_c11651 _d11651 |
||